000 00271 a2200085 4500
020 _a9780500343050
100 _a Jane Burry and Mark Burry
245 _aPrototyping for Architects: Real Building for the Next Generation of Digital Designers
260 _bThames & Hudson
_c2016
999 _c13349
_d13349